[Event "82nd Tata Steel Masters 2020"]
[Site "Wijk aan Zee"]
[Date "2020.01.26"]
[Round "13.5"]
[White "Giri, Anish"]
[Black "Van Foreest, Jorden"]
[Result "1/2-1/2"]
[WhiteElo "2768"]
[BlackElo "2644"]
[Annotator "TA"]
[PlyCount "109"]
[EventDate "2020.01.11"]
[EventType "tourn"]
[EventCountry "NED"]
[SourceTitle "playchess.com"]
[Source "ChessBase"]
[SourceQuality "1"]

1. d4 d5 2. c4 c6 3. cxd5 cxd5 4. Bg5 Nc6 5. Nc3 Nf6 6. Bxf6 gxf6 7. e3 e6 8. Bd3 Bd6 9. Nf3 f5 10. g3 Bd7 11. O-O Rc8 12. Rc1 O-O 13. a3 Kh8 14. Qe2 Rg8 15. Kh1 Na5 16. Nd2 Qb6 17. b4 Nc4 18. Bxc4 dxc4 19. Kg1 Qa6 20. Ra1 b5 21. Nf3 Qb6 22. e4 a5 23. exf5 axb4 24. fxe6 Bxe6 25. axb4 Bg4 26. Qe3 Rce8 27. Ne5 Bxe5 28. dxe5 Qxe3 29. fxe3 Bh5 30. Nxb5 Rxe5 31. Nd6 Rxe3 32. Nxf7+ Bxf7 33. Rxf7 Re2 34. Rc7 Rd8 35. Rxc4 Rb2 36. Rc7 Rxb4 37. Raa7 h5 38. Rh7+ Kg8 39. Rxh5 Rb2 40. Rg5+ Kh8 41. Rh5+ Kg8 42. Rg5+ Kh8 43. Ra1 Rdd2 44. Rh5+ Kg7 45. Kh1 Rf2 46. g4 Kg6 47. Rg1 Rb8 48. Rh3 Kg5 49. Rhg3 Rbb2 50. Rh3 Rb8 51. Rh7 Kg6 52. Rh5 Rc8 53. Ra1 Rcc2 54. Ra6+ Kg7 55. Rg5+ 1/2-1/2

[Event "85th Tata Steel Masters 2023"]
[Site "Wijk aan Zee"]
[Date "2023.01.29"]
[Round "13.5"]
[White "Aronian, Levon"]
[Black "Maghsoodloo, Parham"]
[Result "0-1"]
[WhiteElo "2735"]
[BlackElo "2719"]
[Annotator "TA"]
[PlyCount "118"]
[EventDate "2023.01.10"]
[EventType "tourn"]
[EventCountry "NED"]
[SourceTitle "playchess.com"]
[Source "ChessBase"]
[SourceQuality "1"]

1. e4 c5 2. Nf3 d6 3. d4 cxd4 4. Nxd4 Nf6 5. Nc3 a6 6. Be2 e5 7. Nb3 Be7 8. Be3 Be6 9. O-O Nbd7 10. a4 Rc8 11. a5 O-O 12. Bf3 Ne8 13. Qd2 h6 14. h3 Nef6 15. Rfd1 Re8 16. Qe1 Rc6 17. Nd2 Nf8 18. Nf1 Ng6 19. Ng3 Qc8 20. Rd2 Nh4 21. Be2 Rxc3 22. bxc3 d5 23. f3 Qxc3 24. Bf2 d4 25. Rdd1 Qc7 26. c3 dxc3 27. Bb6 Qc6 28. Rdc1 Rc8 29. Bd1 Nd7 30. Ba4 Qc4 31. Bf2 Bb4 32. Nf1 Ng6 33. Ne3 Qc7 34. Bxd7 Qxd7 35. Rcb1 Bf8 36. g3 c2 37. Rc1 Bb3 38. Qe2 Rc6 39. Kg2 Bb4 40. Rxc2 Bxc2 41. Nxc2 Bc5 42. Rb1 Bxf2 43. Qxf2 Rd6 44. Re1 Qd8 45. Ne3 Rd2 46. Re2 Rxe2 47. Qxe2 Qxa5 48. Nd5 Qa3 49. Qd2 Ne7 50. Ne3 Nc6 51. Nf5 Nd4 52. Nxd4 exd4 53. Qxd4 Qa2+ 54. Kg1 a5 55. h4 a4 56. h5 Qb1+ 57. Kg2 Qc2+ 58. Kh3 a3 59. g4 a2 0-1

[Event "84th Tata Steel Masters 2022"]
[Site "Wijk aan Zee"]
[Date "2022.01.30"]
[Round "13.5"]
[White "Van Foreest, Jorden"]
[Black "Shankland, Sam"]
[Result "1-0"]
[WhiteElo "2702"]
[BlackElo "2708"]
[Annotator "TA"]
[PlyCount "137"]
[EventDate "2022.01.15"]
[EventType "tourn"]
[EventCountry "NED"]
[SourceTitle "playchess.com"]
[Source "ChessBase"]
[SourceQuality "1"]

1. d4 d5 2. Nf3 Nf6 3. Bf4 e6 4. e3 c5 5. Be2 Nc6 6. O-O cxd4 7. exd4 Bd6 8. Bxd6 Qxd6 9. c3 O-O 10. Re1 e5 11. dxe5 Nxe5 12. Nxe5 Qxe5 13. Bf3 Ne4 14. Na3 Bf5 15. Nc2 Rfe8 16. Qd4 Qxd4 17. Nxd4 Bd7 18. c4 Kf8 19. h4 Rac8 20. cxd5 Nd6 21. Rxe8+ Bxe8 22. Rd1 Bd7 23. Kh2 Ke7 24. g4 h6 25. h5 Kf6 26. Kg3 Rc4 27. Kf4 Rc5 28. Rd2 g5+ 29. hxg6 fxg6 30. Rd1 Ra5 31. a3 Nc4 32. Nb3 Rb5 33. Nd2 g5+ 34. Kg3 Nxd2 35. Rxd2 Rb3 36. Kg2 Ke5 37. Re2+ Kf6 38. Rc2 Ke5 39. Rc7 Kd6 40. Rc1 Rb6 41. b4 Ke5 42. Rc7 Kd6 43. Rc3 a5 44. bxa5 Rb5 45. Rc1 Rxa5 46. Rh1 Rxa3 47. Rxh6+ Kc5 48. Rh7 Kd6 49. Rh6+ Kc5 50. Rh7 Kd6 51. Rg7 b5 52. Rxg5 b4 53. Rg8 Ra5 54. g5 b3 55. g6 b2 56. Rb8 Rb5 57. Rxb5 Bxb5 58. g7 b1=Q 59. g8=Q Qf1+ 60. Kg3 Qd3 61. Qe6+ Kc7 62. Qe5+ Kd7 63. Qe3 Qb1 64. Qe6+ Kd8 65. d6 Qh7 66. Qf6+ Kd7 67. Bg4+ Ke8 68. Qe5+ Kd8 69. Qg5+ 1-0

[Event "82nd Tata Steel Challengers 2020"]
[Site "Wijk aan Zee"]
[Date "2020.01.26"]
[Round "13.5"]
[White "Grandelius, Nils"]
[Black "Keymer, Vincent"]
[Result "0-1"]
[WhiteElo "2673"]
[BlackElo "2527"]
[Annotator "TA"]
[PlyCount "96"]
[EventDate "2020.01.11"]
[EventType "tourn"]
[EventCountry "NED"]
[SourceTitle "playchess.com"]
[Source "ChessBase"]
[SourceQuality "1"]

1. Nf3 d5 2. g3 Bg4 3. Bg2 c6 4. O-O Nd7 5. h3 Bh5 6. d4 e6 7. c4 Ngf6 8. cxd5 exd5 9. Ne5 Ne4 10. Bxe4 dxe4 11. Nc3 Be7 12. Bf4 Nxe5 13. dxe5 Bg6 14. Qb3 Qc8 15. Rac1 O-O 16. Kh2 Bf5 17. g4 Be6 18. Qc2 h5 19. Qxe4 hxg4 20. hxg4 Bxg4 21. Rg1 Qf5 22. Qxf5 Bxf5 23. e4 Bg6 24. Rg3 Rfe8 25. Kg2 Bb4 26. f3 Rad8 27. Rh1 Bxc3 28. bxc3 Rd3 29. Rgh3 f6 30. Rh8+ Kf7 31. Rxe8 Kxe8 32. Rh8+ Ke7 33. Rb8 Bh5 34. Rxb7+ Ke6 35. exf6 gxf6 36. Rb3 Bxf3+ 37. Kf2 Bxe4 38. Be3 a5 39. Ra3 f5 40. Bd4 f4 41. Rxa5 Bd5 42. Ke2 Rh3 43. a4 Rh1 44. Ra8 c5 45. Ra6+ Kf5 46. Ra5 f3+ 47. Kf2 Rh2+ 48. Kg1 f2+ 0-1

[Event "83rd Tata Steel Masters 2021"]
[Site "Wijk aan Zee"]
[Date "2021.01.31"]
[Round "13.5"]
[White "Tari, Aryan"]
[Black "Caruana, Fabiano"]
[Result "1/2-1/2"]
[WhiteElo "2625"]
[BlackElo "2823"]
[Annotator "TA"]
[PlyCount "84"]
[EventDate "2021.01.16"]
[EventType "tourn"]
[EventCountry "NED"]
[SourceTitle "playchess.com"]
[Source "ChessBase"]
[SourceQuality "1"]

1. e4 e6 2. d4 d5 3. exd5 exd5 4. Nf3 Nc6 5. Bd3 Bg4 6. c3 Bd6 7. O-O Nge7 8. Nbd2 Qd7 9. b4 O-O 10. Re1 Rae8 11. Nf1 Ng6 12. Ne3 f5 13. Nxg4 fxg4 14. Bxg6 hxg6 15. Rxe8 Rxe8 16. Ne1 Nd8 17. g3 Nf7 18. Ng2 c6 19. Bd2 Bc7 20. Qc2 Qf5 21. Ne3 Qh5 22. Ng2 Qf5 23. Ne3 Qh5 24. Ng2 Bd8 25. Rf1 Nd6 26. Bf4 Ne4 27. c4 Bf6 28. cxd5 Qxd5 29. Ne3 Qe6 30. Be5 Bxe5 31. Qxe4 Bd6 32. Qb1 Qe4 33. Qb3+ Kh7 34. b5 c5 35. dxc5 Bxc5 36. Rc1 Bxe3 37. Qxe3 Qxe3 38. fxe3 Rxe3 39. Rc7 Ra3 40. Rxb7 Rxa2 41. b6 axb6 42. Rxb6 Kh6 1/2-1/2

[Event "85th Tata Steel Challengers 2023"]
[Site "Wijk aan Zee"]
[Date "2023.01.29"]
[Round "13.5"]
[White "Adhiban, B.."]
[Black "Warmerdam, Max"]
[Result "0-1"]
[WhiteElo "2610"]
[BlackElo "2616"]
[Annotator "TA"]
[PlyCount "104"]
[EventDate "2023.01.10"]
[EventType "tourn"]
[EventCountry "NED"]
[SourceTitle "playchess.com"]
[Source "ChessBase"]
[SourceQuality "1"]

1. c4 c6 2. e4 d5 3. exd5 cxd5 4. d4 Nf6 5. Nc3 Nc6 6. Nf3 a6 7. cxd5 Nxd5 8. Bc4 Be6 9. Bb3 Nxc3 10. bxc3 Bxb3 11. axb3 e6 12. O-O Be7 13. c4 O-O 14. Be3 Qc7 15. Qe2 Rfd8 16. Rfd1 Bf6 17. Rac1 Qa5 18. g4 Rd7 19. Rd3 Rad8 20. Rcd1 b5 21. h3 h6 22. h4 bxc4 23. bxc4 h5 24. g5 Be7 25. g6 fxg6 26. d5 exd5 27. Bg5 Kh8 28. Re3 d4 29. Rxe7 Rxe7 30. Bxe7 Re8 31. Qe6 Nxe7 32. Qf7 Qd8 33. Rxd4 Qc8 34. Ng5 Nf5 35. Rf4 Re1+ 36. Kh2 Qa8 37. Qd5 Qxd5 38. cxd5 Kg8 39. Ra4 Kf8 40. Ne6+ Ke7 41. Rxa6 Re4 42. f4 Re2+ 43. Kh3 Re3+ 44. Kh2 Rd3 45. Ra7+ Kf6 46. Ra6 Rd2+ 47. Kh3 Ne3 48. Nd4+ Kf7 49. Ra7+ Ke8 50. Ne6 Nf1 51. Nxg7+ Kd8 52. Ne6+ Kc8 0-1

[Event "84th Tata Steel Challengers 2022"]
[Site "Wijk aan Zee"]
[Date "2022.01.30"]
[Round "13.5"]
[White "Warmerdam, Max"]
[Black "Dardha, Daniel"]
[Result "0-1"]
[WhiteElo "2599"]
[BlackElo "2533"]
[Annotator "TA"]
[PlyCount "96"]
[EventDate "2022.01.15"]
[EventType "tourn"]
[EventCountry "NED"]
[SourceTitle "playchess.com"]
[Source "ChessBase"]
[SourceQuality "1"]

1. e4 e5 2. Bc4 Nf6 3. d3 c6 4. Nf3 d5 5. Bb3 Bb4+ 6. Bd2 Bxd2+ 7. Qxd2 dxe4 8. Nxe5 O-O 9. Nc3 Qe7 10. d4 Be6 11. O-O-O Nbd7 12. Rhe1 Bxb3 13. Nxd7 Qxd7 14. axb3 Qf5 15. h3 h5 16. g4 hxg4 17. hxg4 Nxg4 18. Rxe4 Rae8 19. Rf4 Qh5 20. Ne4 f5 21. Ng3 Qg5 22. Rg1 Nf6 23. Rxf5 Qxd2+ 24. Kxd2 Ne4+ 25. Kc1 Nxf2 26. Rh5 g6 27. Rh6 Re6 28. Nh5 Ne4 29. Rhxg6+ Rxg6 30. Rxg6+ Kh7 31. Rg1 Rf5 32. Ng3 Ra5 33. c4 Ra1+ 34. Kc2 Rxg1 35. Nxe4 Kg6 36. Nd6 b5 37. d5 cxd5 38. c5 Rg2+ 39. Kd3 Rxb2 40. Kc3 Rb1 41. Nxb5 Kf6 42. Nxa7 Ke5 43. Nc6+ Ke4 44. b4 Rh1 45. Na5 d4+ 46. Kd2 Rh2+ 47. Kd1 Kd3 48. Ke1 Kc3 0-1

[Event "85th Tata Steel Masters 2023"]
[Site "Wijk aan Zee"]
[Date "2023.01.29"]
[Round "13.6"]
[White "Ding, Liren"]
[Black "Caruana, Fabiano"]
[Result "1/2-1/2"]
[WhiteElo "2811"]
[BlackElo "2766"]
[Annotator "TA"]
[PlyCount "37"]
[EventDate "2023.01.10"]
[EventType "tourn"]
[EventCountry "NED"]
[SourceTitle "playchess.com"]
[Source "ChessBase"]
[SourceQuality "1"]

1. e4 e5 2. Nf3 Nc6 3. Bb5 a6 4. Ba4 Nf6 5. O-O b5 6. Bb3 Bc5 7. c3 d6 8. d4 Bb6 9. Be3 O-O 10. Nbd2 h6 11. h3 Re8 12. Re1 Rb8 13. Bc2 Bb7 14. a3 exd4 15. cxd4 Ne7 16. Nh4 Nc6 17. Nhf3 Ne7 18. Nh4 Nc6 19. Nhf3 1/2-1/2

[Event "83rd Tata Steel Masters 2021"]
[Site "Wijk aan Zee"]
[Date "2021.01.31"]
[Round "13.6"]
[White "Firouzja, Alireza"]
[Black "Wojtaszek, Radoslaw"]
[Result "1/2-1/2"]
[WhiteElo "2749"]
[BlackElo "2705"]
[Annotator "TA"]
[PlyCount "125"]
[EventDate "2021.01.16"]
[EventType "tourn"]
[EventCountry "NED"]
[SourceTitle "playchess.com"]
[Source "ChessBase"]
[SourceQuality "1"]

1. Nf3 d5 2. g3 Nd7 3. d4 Nb6 4. Nc3 Nf6 5. a4 a5 6. Bg2 h6 7. O-O Bf5 8. Nh4 Bh7 9. f4 e6 10. f5 Be7 11. Bh3 Qd7 12. Qd3 Qc6 13. Nb5 Nc4 14. Bf4 Nd6 15. Qe3 Nc4 16. Qd3 Bd6 17. Nxd6+ Nxd6 18. Be5 Nde4 19. Qa3 Qd7 20. c4 c6 21. fxe6 fxe6 22. cxd5 Nxd5 23. Bg2 Nd2 24. Rfc1 Rf8 25. Nf3 Nxf3+ 26. Bxf3 Kf7 27. e4 Nb4 28. Qe3 Kg8 29. Rc3 Rad8 30. h4 b6 31. Be2 Qe7 32. Bg4 Qf7 33. h5 Qe7 34. Rac1 Qe8 35. Bc7 Rd7 36. Bxb6 Na2 37. Rxc6 Nxc1 38. Rxc1 Rb7 39. Bc5 Rff7 40. b3 Rfc7 41. Re1 Rc6 42. Be2 Qb8 43. Bb5 Rc8 44. Bc4 Kh8 45. Rf1 Bg8 46. Kg2 Rd7 47. Rf2 Qb7 48. Re2 Qc7 49. Ba3 Qb6 50. Bb2 Bh7 51. Qf4 Bg8 52. Qg4 Rcd8 53. Bc3 Qc6 54. Bxa5 Rb8 55. Qf4 Rdb7 56. Qe3 Qe8 57. g4 Qd7 58. Qg3 Qxd4 59. Bc3 Qd1 60. Rd2 Qb1 61. Qf4 e5 62. Bxe5 Bxc4 63. bxc4 1/2-1/2

[Event "82nd Tata Steel Masters 2020"]
[Site "Wijk aan Zee"]
[Date "2020.01.26"]
[Round "13.6"]
[White "Firouzja, Alireza"]
[Black "Dubov, Daniil"]
[Result "1/2-1/2"]
[WhiteElo "2723"]
[BlackElo "2683"]
[Annotator "TA"]
[PlyCount "31"]
[EventDate "2020.01.11"]
[EventType "tourn"]
[EventCountry "NED"]
[SourceTitle "playchess.com"]
[Source "ChessBase"]
[SourceQuality "1"]

1. d4 d5 2. Nf3 Nf6 3. Bf4 c5 4. e3 Nc6 5. Nbd2 Nh5 6. dxc5 Nxf4 7. exf4 g6 8. c3 Bg7 9. Bb5 O-O 10. O-O d4 11. Bxc6 dxc3 12. Be4 cxd2 13. Qxd2 Qxd2 14. Nxd2 Bxb2 15. Rab1 Ba3 16. c6 1/2-1/2

[Event "80th Tata Steel GpA"]
[Site "Wijk aan Zee NED"]
[Date "2018.01.28"]
[Round "13.6"]
[White "Matlakov, Maxim"]
[Black "Jones, Gawain C B"]
[Result "*"]
[WhiteElo "2718"]
[BlackElo "2640"]
[Annotator "TA"]
[PlyCount "44"]
[EventDate "2018.02.02"]

1. d4 Nf6 2. Nf3 g6 3. g3 Bg7 4. Bg2 O-O 5. O-O d6 6. c4 c5 7. Nc3 Nc6 8. dxc5 dxc5 9. Bf4 Nd4 10. Re1 Re8 11. Rc1 Ng4 12. h3 e5 13. Bg5 Nxf3+ 14. exf3 Qxg5 15. fxg4 Qe7 16. Qa4 Bd7 17. Qa3 Bc6 18. Nd5 Bxd5 19. cxd5 Bf8 20. d6 Qxd6 21. Bxb7 Rab8 22. Be4 Red8 *

[Event "84th Tata Steel Masters 2022"]
[Site "Wijk aan Zee"]
[Date "2022.01.30"]
[Round "13.6"]
[White "Grandelius, Nils"]
[Black "Duda, Jan-Krzysztof"]
[Result "1/2-1/2"]
[WhiteElo "2672"]
[BlackElo "2760"]
[Annotator "TA"]
[PlyCount "80"]
[EventDate "2022.01.15"]
[EventType "tourn"]
[EventCountry "NED"]
[SourceTitle "playchess.com"]
[Source "ChessBase"]
[SourceQuality "1"]

1. e4 c5 2. Nf3 d6 3. d4 cxd4 4. Nxd4 Nf6 5. Nc3 Nc6 6. Bg5 e6 7. Qd2 a6 8. O-O-O h6 9. Bf4 Bd7 10. Nxc6 Bxc6 11. f3 Qb6 12. Bc4 Rd8 13. Bb3 Be7 14. Be3 Qc7 15. Qf2 Qb8 16. Bb6 Rc8 17. g4 O-O 18. h4 Nd7 19. Bd4 Nc5 20. Rhg1 b5 21. h5 b4 22. g5 Bxg5+ 23. f4 Nxb3+ 24. axb3 f6 25. fxg5 fxg5 26. Qe3 bxc3 27. Bxg7 cxb2+ 28. Kxb2 Kxg7 29. Rxg5+ hxg5 30. Qxg5+ Kf7 31. Rf1+ Ke8 32. Qg6+ Kd8 33. Rxf8+ Kc7 34. Rxc8+ Qxc8 35. h6 Bxe4 36. Qxe4 Qh8+ 37. Ka2 Qxh6 38. Qc4+ Kb7 39. Qb4+ Kc7 40. Qc4+ Kb7 1/2-1/2

[Event "85th Tata Steel Challengers 2023"]
[Site "Wijk aan Zee"]
[Date "2023.01.29"]
[Round "13.6"]
[White "Pechac, Jergus"]
[Black "L'Ami, Erwin"]
[Result "0-1"]
[WhiteElo "2637"]
[BlackElo "2627"]
[Annotator "TA"]
[PlyCount "98"]
[EventDate "2023.01.10"]
[EventType "tourn"]
[EventCountry "NED"]
[SourceTitle "playchess.com"]
[Source "ChessBase"]
[SourceQuality "1"]

1. e4 e5 2. Nf3 Nc6 3. Bb5 a6 4. Ba4 Nf6 5. O-O Be7 6. Re1 b5 7. Bb3 d6 8. c3 O-O 9. h3 Re8 10. Ng5 Rf8 11. Nf3 Re8 12. d4 Bb7 13. Nbd2 Bf8 14. a4 h6 15. Bc2 Nb8 16. b3 Nbd7 17. d5 c6 18. c4 Qc7 19. Ba3 Reb8 20. Bd3 bxa4 21. bxa4 Nc5 22. Bxc5 dxc5 23. Nf1 a5 24. Ne3 Bd6 25. Qc2 Bc8 26. Qc3 Bd7 27. Bc2 Rb4 28. Qd3 Re8 29. g4 g6 30. Kh1 cxd5 31. Nxd5 Nxd5 32. exd5 Qd8 33. Re4 Qf6 34. Ra3 Kg7 35. Kg2 h5 36. Qc3 hxg4 37. hxg4 Kf8 38. Qa1 Qg7 39. Ng5 f6 40. Ne6+ Rxe6 41. dxe6 Bc6 42. f3 f5 43. Qd1 Be7 44. Re1 Rxc4 45. g5 Qh8 46. Rh1 Rg4+ 47. Kf2 Rh4 48. Ra1 Rh2+ 49. Kg3 Qh4# 0-1

[Event "82nd Tata Steel Challengers 2020"]
[Site "Wijk aan Zee"]
[Date "2020.01.26"]
[Round "13.6"]
[White "Nihal Sarin"]
[Black "Mamedov, Rauf"]
[Result "1-0"]
[WhiteElo "2618"]
[BlackElo "2659"]
[Annotator "TA"]
[PlyCount "121"]
[EventDate "2020.01.11"]
[EventType "tourn"]
[EventCountry "NED"]
[SourceTitle "playchess.com"]
[Source "ChessBase"]
[SourceQuality "1"]

1. d4 d5 2. Bf4 Bf5 3. e3 e6 4. Nf3 Nf6 5. c4 Bxb1 6. Qxb1 Bb4+ 7. Kd1 Be7 8. c5 Ne4 9. Qc2 O-O 10. Bd3 Nc6 11. Bxe4 dxe4 12. Qxe4 Bxc5 13. Ke2 Bd6 14. Ng5 g6 15. Bxd6 cxd6 16. Qh4 h5 17. g4 Qb6 18. gxh5 Qb5+ 19. Ke1 Qxb2 20. Rd1 Qb4+ 21. Kf1 Qb5+ 22. Kg1 Kg7 23. hxg6 Kxg6 24. Ne4 Rg8 25. h3 Qh5 26. Qxh5+ Kxh5+ 27. Kh2 Kh4 28. Nxd6 Rad8 29. Nxb7 Rb8 30. Rb1 a5 31. a3 Ne7 32. Nxa5 Ra8 33. Nc4 Nd5 34. Rhg1 f5 35. Rxg8 Rxg8 36. Nd2 Rc8 37. Nf3+ Kh5 38. Rb2 Rc3 39. Ne5 Rxa3 40. Rc2 Kg5 41. Rc6 Ra2 42. Kg1 Kf6 43. Nd7+ Kf7 44. Nc5 f4 45. Rxe6 fxe3 46. fxe3 Re2 47. e4 Nf4 48. Re5 Nxh3+ 49. Kf1 Rc2 50. Rh5 Rc3 51. Ke2 Kg6 52. Rf5 Ng5 53. Rf1 Ra3 54. e5 Ra2+ 55. Kd3 Ra3+ 56. Kc4 Nf3 57. Kd5 Re3 58. e6 Kg7 59. Ne4 Rd3 60. Rxf3 Rxf3 61. e7 1-0

[Event "84th Tata Steel Challengers 2022"]
[Site "Wijk aan Zee"]
[Date "2022.01.30"]
[Round "13.6"]
[White "Van Foreest, Lucas"]
[Black "Vogel, Roven"]
[Result "1/2-1/2"]
[WhiteElo "2530"]
[BlackElo "2452"]
[Annotator "TA"]
[PlyCount "62"]
[EventDate "2022.01.15"]
[EventType "tourn"]
[EventCountry "NED"]
[SourceTitle "playchess.com"]
[Source "ChessBase"]
[SourceQuality "1"]

1. d4 d5 2. c4 c6 3. Nf3 Nf6 4. cxd5 cxd5 5. Nc3 Nc6 6. Bf4 a6 7. Rc1 Bf5 8. e3 e6 9. Qb3 Nh5 10. Be5 f6 11. Bg3 Nxg3 12. hxg3 g5 13. a3 Bg6 14. Qd1 Kf7 15. Bd3 Kg7 16. Bxg6 hxg6 17. Rxh8 Kxh8 18. Na4 Rc8 19. Nc5 Bxc5 20. Rxc5 Kg7 21. Ke2 b6 22. Rc3 Na5 23. Qc2 Rxc3 24. Qxc3 Qd7 25. Nd2 Qc6 26. Qxc6 Nxc6 27. Nb1 f5 28. Nc3 Nb8 29. Na2 Nc6 30. Nc3 Nb8 31. Na2 Nc6 1/2-1/2

[Event "83rd Tata Steel Masters 2021"]
[Site "Wijk aan Zee"]
[Date "2021.01.31"]
[Round "13.7"]
[White "Duda, Jan-Krzysztof"]
[Black "Harikrishna, Pentala"]
[Result "1/2-1/2"]
[WhiteElo "2743"]
[BlackElo "2732"]
[Annotator "TA"]
[PlyCount "115"]
[EventDate "2021.01.16"]
[EventType "tourn"]
[EventCountry "NED"]
[SourceTitle "playchess.com"]
[Source "ChessBase"]
[SourceQuality "1"]

1. d4 d5 2. c4 c6 3. Nc3 Nf6 4. e3 e6 5. Nf3 Nbd7 6. Qc2 Bd6 7. Bd3 O-O 8. O-O e5 9. cxd5 cxd5 10. e4 exd4 11. Nxd5 Nxd5 12. exd5 h6 13. Nxd4 Qh4 14. Nf3 Qh5 15. Bh7+ Kh8 16. Qf5 Qxf5 17. Bxf5 Nf6 18. Bxc8 Rfxc8 19. Rd1 Rd8 20. Be3 Be7 21. d6 Rxd6 22. Rxd6 Bxd6 23. Rd1 Be7 24. Kf1 a6 25. h3 Kg8 26. Ke2 Re8 27. Ne5 Rc8 28. g4 Rc2+ 29. Rd2 Rxd2+ 30. Bxd2 Kf8 31. Nc4 Nd5 32. Na5 b6 33. Nc6 Bg5 34. Bxg5 hxg5 35. Kf3 a5 36. Ke4 Nf4 37. Ne5 Nxh3 38. Ke3 Ke7 39. Nc4 b5 40. Nxa5 Kd6 41. Nb3 Kd5 42. Nc1 Nf4 43. Ne2 Ne6 44. Nc3+ Kc4 45. Ne4 Kd5 46. Nc3+ Kc4 47. f3 g6 48. Ne4 Kd5 49. Nc3+ Kc4 50. Ne4 Kd5 51. Kd3 f5 52. Nc3+ Kc5 53. Ne2 b4 54. a3 bxa3 55. bxa3 Nc7 56. Ng3 Nb5 57. a4 Nd4 58. a5 1/2-1/2

[Event "82nd Tata Steel Masters 2020"]
[Site "Wijk aan Zee"]
[Date "2020.01.26"]
[Round "13.7"]
[White "Yu, Yangyi"]
[Black "Xiong, Jeffery"]
[Result "1/2-1/2"]
[WhiteElo "2726"]
[BlackElo "2712"]
[Annotator "TA"]
[PlyCount "66"]
[EventDate "2020.01.11"]
[EventType "tourn"]
[EventCountry "NED"]
[SourceTitle "playchess.com"]
[Source "ChessBase"]
[SourceQuality "1"]

1. d4 Nf6 2. c4 c5 3. d5 b5 4. Nf3 g6 5. cxb5 a6 6. b6 d6 7. Nc3 Nbd7 8. e4 Bg7 9. Be2 O-O 10. O-O Nxb6 11. a4 Bg4 12. Nd2 Bxe2 13. Qxe2 Qc7 14. a5 Nc8 15. Nc4 Nd7 16. Bd2 Rb8 17. Na4 Qb7 18. Bc3 Na7 19. Nab6 Nc8 20. Bxg7 Kxg7 21. b4 Ncxb6 22. axb6 Nxb6 23. Na5 Qc7 24. Nc6 Nd7 25. Nxb8 Rxb8 26. bxc5 Nxc5 27. Rfb1 Qa5 28. e5 Qc3 29. exd6 exd6 30. h3 a5 31. Rxb8 Qxa1+ 32. Kh2 Qd4 33. Ra8 Nd3 1/2-1/2

[Event "85th Tata Steel Masters 2023"]
[Site "Wijk aan Zee"]
[Date "2023.01.29"]
[Round "13.7"]
[White "Keymer, Vincent"]
[Black "Gukesh D"]
[Result "1/2-1/2"]
[WhiteElo "2696"]
[BlackElo "2725"]
[Annotator "TA"]
[PlyCount "62"]
[EventDate "2023.01.10"]
[EventType "tourn"]
[EventCountry "NED"]
[SourceTitle "playchess.com"]
[Source "ChessBase"]
[SourceQuality "1"]

1. d4 Nf6 2. c4 e6 3. Nf3 d5 4. Nc3 Bb4 5. e3 O-O 6. Bd2 b6 7. cxd5 exd5 8. Bd3 Re8 9. O-O Bd6 10. Re1 Bg4 11. h3 Bh5 12. e4 dxe4 13. Nxe4 Nbd7 14. Bg5 Qc8 15. Bxf6 Nxf6 16. Nxf6+ gxf6 17. Be4 Rb8 18. Qd3 Bg6 19. Nh4 Qe6 20. Nxg6 hxg6 21. Qc3 Qd7 22. Qc4 Kg7 23. Bc6 Rxe1+ 24. Rxe1 Qf5 25. g3 Rh8 26. h4 Qg4 27. Re4 Qh3 28. Qf1 Qc8 29. Qe2 f5 30. Re8 Rxe8 31. Qxe8 Qxe8 1/2-1/2

[Event "82nd Tata Steel Challengers 2020"]
[Site "Wijk aan Zee"]
[Date "2020.01.26"]
[Round "13.7"]
[White "Abdusattorov, Nodirbek"]
[Black "Saduakassova, Dinara"]
[Result "1/2-1/2"]
[WhiteElo "2635"]
[BlackElo "2519"]
[Annotator "TA"]
[PlyCount "151"]
[EventDate "2020.01.11"]
[EventType "tourn"]
[EventCountry "NED"]
[SourceTitle "playchess.com"]
[Source "ChessBase"]
[SourceQuality "1"]

1. Nf3 Nf6 2. e3 c5 3. d4 d5 4. b3 Nc6 5. Bb2 cxd4 6. Nxd4 Bg4 7. Nxc6 bxc6 8. Be2 Bxe2 9. Qxe2 g6 10. c4 Bg7 11. O-O O-O 12. Rc1 Qd7 13. Nc3 Rfd8 14. Na4 Qf5 15. Rc2 dxc4 16. Rxc4 Ne4 17. Bxg7 Kxg7 18. f3 Qf6 19. Qe1 Ng5 20. Rac1 Rac8 21. Nc5 Rd5 22. f4 Ne6 23. Ne4 Qf5 24. Qc3+ Kg8 25. Nf2 Rd6 26. h3 Qh5 27. Ng4 f6 28. Nf2 Kf7 29. Kh2 Qe2 30. Rc2 Qf1 31. b4 Rb8 32. Qb3 a5 33. a3 axb4 34. Rxc6 Rb6 35. Rxd6 Rxd6 36. axb4 Qb5 37. Ne4 Rd3 38. Rc3 Rxc3 39. Qxc3 Qd5 40. Qc2 h5 41. Qb1 Nc7 42. Nc5 Nb5 43. Qd3 Qxd3 44. Nxd3 Ke6 45. Kg3 Kd5 46. Nc5 Nd6 47. Kf3 Kc4 48. Na6 Nf5 49. Nc7 Kxb4 50. g4 hxg4+ 51. hxg4 Nh6 52. Nd5+ Kc5 53. Nxe7 g5 54. e4 gxf4 55. Kxf4 Kc4 56. Nf5 Ng8 57. Ke3 Kc5 58. Kf3 Kc6 59. Ke2 Kd7 60. Ke3 Ke6 61. Kd4 Ne7 62. Ke3 Ng6 63. Nd4+ Kd6 64. Kf3 Ke5 65. Nb3 Nh4+ 66. Kg3 Ng6 67. Nd2 Kd4 68. Kf3 Kd3 69. Nb3 Ne5+ 70. Kf4 Nxg4 71. Nc1+ Kd4 72. Nb3+ Kd3 73. Nc5+ Kc4 74. Nd7 Nf2 75. Nxf6 Nxe4 76. Kxe4 1/2-1/2

[Event "85th Tata Steel Challengers 2023"]
[Site "Wijk aan Zee"]
[Date "2023.01.29"]
[Round "13.7"]
[White "Supi, Luis Paulo"]
[Black "Mishra, Abhimanyu"]
[Result "1-0"]
[WhiteElo "2608"]
[BlackElo "2559"]
[Annotator "TA"]
[PlyCount "147"]
[EventDate "2023.01.10"]
[EventType "tourn"]
[EventCountry "NED"]
[SourceTitle "playchess.com"]
[Source "ChessBase"]
[SourceQuality "1"]

1. c4 c6 2. Nf3 d5 3. e3 Nf6 4. Nc3 e6 5. d4 Nbd7 6. Be2 Bd6 7. b3 O-O 8. Bb2 b6 9. O-O Bb7 10. Qc2 Qe7 11. Rfe1 Rfe8 12. Rad1 Rad8 13. h3 c5 14. cxd5 exd5 15. Ba1 h6 16. Qb2 Qe6 17. Bf1 Nf8 18. Bb5 Re7 19. Bd3 Bb8 20. dxc5 bxc5 21. b4 N8d7 22. bxc5 Nxc5 23. Bb1 Qb6 24. Nd4 Be5 25. Qa3 Rde8 26. Bc2 Bxd4 27. Rxd4 Ne6 28. Rb4 Qc5 29. Ba4 Rc8 30. Qb2 Bc6 31. Bxc6 Qxc6 32. Ne2 Rec7 33. Rb8 Qe8 34. Rxc8 Qxc8 35. Qb3 Qb7 36. Bxf6 Qxb3 37. axb3 gxf6 38. Rd1 Rb7 39. Rxd5 Rxb3 40. Ng3 Ra3 41. Nh5 a5 42. Nxf6+ Kf8 43. g4 a4 44. Ra5 Ra1+ 45. Kg2 a3 46. Nd5 Ng5 47. Ra8+ Kg7 48. Nc3 Ne6 49. Nb5 a2 50. Nc3 Rc1 51. Nxa2 Ra1 52. Ra5 Kh7 53. h4 Kg7 54. f4 Re1 55. Ra3 Ra1 56. Ra5 Re1 57. Ra3 Ra1 58. Kf3 Rh1 59. Kg3 Rg1+ 60. Kf3 Rh1 61. Ra5 Rh3+ 62. Kf2 Rxh4 63. Kg3 Rh1 64. Nc3 Rg1+ 65. Kf3 Rf1+ 66. Kg2 Rc1 67. Ne4 Rc6 68. Kf3 Nc7 69. Ng3 Ra6 70. Rh5 Rg6 71. Nf5+ Kh7 72. g5 f6 73. Nxh6 fxg5 74. Nf5+ 1-0